Architectural Icons of Japan - Statistics

General Stats
  • This quiz has been taken 8 times
  • The average score is 4 of 16
Answer Stats
Picture Answer % Correct
Tokyo Skytree
83%
Tokyo Tower
83%
Himeji Castle
50%
Imperial Palace
50%
Hakata Station
33%
Goryokaku Park
17%
Kanazawa Station
17%
Landmark Tower
17%
Namba Parks
17%
Towada Art Center
17%
Tsutenkaku Tower
17%
Umeda Sky Building
17%
Great Buddha of Todaiji
0%
Kinkakuji Temple
0%
Meiji Mura
0%
Takayama Jinya
0%
No matching quizzes found
Score Distribution
Percent of People with Each Score
Percentile by Number Answered
Your Score History
You have not taken this quiz